[Event "Madrid ch Veteranos 2122"]
[Site "Madrid ESP"]
[Date "2022.03.29"]
[Round "2.18"]
[White "Yeves Miquel, Enrique"]
[Black "Villodre Miranda, Juan Alonso"]
[Result "1/2-1/2"]
[WhiteElo "1832"]
[BlackElo "1563"]
[PlyCount "80"]
[EventDate "2022.03.28"]
[EventType "swiss"]
[EventRounds "9"]
[EventCountry "ESP"]
[SourceTitle "Ajedrez en Madrid"]
[Source "lmi"]
[SourceDate "2022.03.28"]
[SourceVersion "1"]
[SourceVersionDate "2022.04.18"]
[SourceQuality "1"]

1. d4 d5 2. Nf3 c6 3. c4 e6 4. Qc2 Nf6 5. g3 Nbd7 6. Bg2 g6 7. O-O Bg7 8. Nbd2
h6 9. b3 O-O 10. Bb2 b6 11. e4 dxe4 12. Nxe4 Nxe4 13. Qxe4 Bb7 14. Ne5 Nxe5 15.
dxe5 Qc7 16. Rad1 Rab8 17. Qe2 c5 18. Bxb7 Qxb7 19. Rd6 Rbd8 20. Rfd1 Qc7 21.
Qd2 Rxd6 22. Qxd6 Rc8 23. f4 Bf8 24. Qxc7 Rxc7 25. Rd8 Kg7 26. Kf2 Be7 27. Rd6
Kh7 28. Rd3 g5 29. Bc1 Kg6 30. Kf3 h5 31. h3 Kf5 32. g4+ hxg4+ 33. hxg4+ Kg6
34. Ke4 gxf4 35. Bxf4 Bg5 36. a3 Bxf4 37. Kxf4 Rb7 38. Rd8 Rc7 39. Rg8+ Kh7 40.
Rd8 Kg6 1/2-1/2

[Event "Madrid ch Veteranos 2122"]
[Site "Madrid ESP"]
[Date "2022.03.29"]
[Round "2.19"]
[White "Sanchez Peral, Pedro"]
[Black "Caravantes Camacho, Fernando"]
[Result "1-0"]
[WhiteElo "1797"]
[BlackElo "1554"]
[PlyCount "29"]
[EventDate "2022.03.28"]
[EventType "swiss"]
[EventRounds "9"]
[EventCountry "ESP"]
[SourceTitle "Ajedrez en Madrid"]
[Source "lmi"]
[SourceDate "2022.03.28"]
[SourceVersion "1"]
[SourceVersionDate "2022.04.18"]
[SourceQuality "1"]

1. e4 e6 2. d4 d5 3. Nc3 Bb4 4. Nge2 dxe4 5. a3 Bxc3+ 6. Nxc3 Nf6 7. Bg5 O-O 8.
Nxe4 Nbd7 9. Qf3 c5 10. O-O-O cxd4 11. Rxd4 Qa5 12. Nxf6+ gxf6 13. Bh6 Ne5 14.
Qxf6 Qe1+ 15. Rd1 1-0

[Event "Madrid ch Veteranos 2122"]
[Site "Madrid ESP"]
[Date "2022.03.29"]
[Round "2.20"]
[White "Argelina Diaz, Juan Angel"]
[Black "Martin Sanchez, Pablo"]
[Result "0-1"]
[WhiteElo "1455"]
[BlackElo "1766"]
[PlyCount "110"]
[EventDate "2022.03.28"]
[EventType "swiss"]
[EventRounds "9"]
[EventCountry "ESP"]
[SourceTitle "Ajedrez en Madrid"]
[Source "lmi"]
[SourceDate "2022.03.28"]
[SourceVersion "1"]
[SourceVersionDate "2022.04.18"]
[SourceQuality "1"]

1. e4 c5 2. Nf3 Nc6 3. d4 cxd4 4. Nxd4 Nf6 5. Nb3 e6 6. a3 a6 7. Nc3 Be7 8. Be3
O-O 9. h3 b5 10. g4 Bb7 11. Bg2 d6 12. Qd2 Qc7 13. Bf4 Rfd8 14. Rd1 Rac8 15.
O-O Ne5 16. Qc1 Nfd7 17. Be3 Nc4 18. Rfe1 Nxa3 19. bxa3 Qxc3 20. Re2 Qc7 21. f4
Nb6 22. Rd3 Nc4 23. g5 Rd7 24. h4 Qd8 25. Nd2 Rdc7 26. c3 Bf8 27. Nxc4 Rxc4 28.
Bf2 Qa5 29. Bd4 Qa4 30. Qc2 Qxa3 31. Qa2 Qc1+ 32. Kh2 Qxf4+ 33. Kh3 d5 34. Rf2
Qb8 35. exd5 e5 36. Be3 Re8 37. Rd1 Rxc3 38. Re1 e4 39. d6 Qc8+ 40. Kh2 Bxd6+
41. Bf4 Bxf4+ 42. Rxf4 Qc7 43. Ref1 Rc4 44. Kh1 Rf8 45. Qe2 Qe5 46. Rf5 Qg3 47.
h5 Bc8 48. Rd5 Be6 49. Rd2 Qxg5 50. Ra2 Rc5 51. Rxa6 Qxh5+ 52. Qxh5 Rxh5+ 53.
Kg1 Re5 54. Re1 f5 55. Ra5 g5 0-1

[Event "Madrid ch Veteranos 2122"]
[Site "Madrid ESP"]
[Date "2022.03.29"]
[Round "2.21"]
[White "Mendez Martinez, Miguel Angel"]
[Black "Ramos Antona, Enrique"]
[Result "1-0"]
[WhiteElo "1763"]
[BlackElo "1512"]
[PlyCount "47"]
[EventDate "2022.03.28"]
[EventType "swiss"]
[EventRounds "9"]
[EventCountry "ESP"]
[SourceTitle "Ajedrez en Madrid"]
[Source "lmi"]
[SourceDate "2022.03.28"]
[SourceVersion "1"]
[SourceVersionDate "2022.04.18"]
[SourceQuality "1"]

1. d4 d5 2. c4 c6 3. e3 Nf6 4. Nc3 e6 5. Nf3 Nbd7 6. Bd3 dxc4 7. Bxc4 b5 8. Bd3
Bb7 9. a3 a6 10. O-O Bd6 11. e4 e5 12. Bg5 h6 13. Bh4 exd4 14. Nxd4 Ne5 15. Bc2
Ng6 16. Nf5 Nxh4 17. Nxd6+ Ke7 18. Nxb7 Qc7 19. e5 Nd5 20. Nxd5+ cxd5 21. Qxd5
Rhd8 22. Nxd8 Rxd8 23. Qe4 Ng6 24. Qb4+ 1-0

[Event "Madrid ch Veteranos 2122"]
[Site "Madrid ESP"]
[Date "2022.03.29"]
[Round "2.22"]
[White "Jimenez Ascarza, Jose Ignacio"]
[Black "Jimenez Gonzalez, Marcos"]
[Result "1-0"]
[WhiteElo "1445"]
[BlackElo "1761"]
[PlyCount "119"]
[EventDate "2022.03.28"]
[EventType "swiss"]
[EventRounds "9"]
[EventCountry "ESP"]
[SourceTitle "Ajedrez en Madrid"]
[Source "lmi"]
[SourceDate "2022.03.28"]
[SourceVersion "1"]
[SourceVersionDate "2022.04.18"]
[SourceQuality "1"]

1. e4 e6 2. d4 d5 3. e5 c5 4. c3 Qb6 5. Nf3 Nc6 6. a3 Nh6 7. Bd3 cxd4 8. cxd4
Bd7 9. Bc2 Nf5 10. Bxf5 exf5 11. O-O Be7 12. b4 h6 13. h4 Rc8 14. Be3 a5 15.
bxa5 Nxa5 16. Nbd2 Nc4 17. Nxc4 Rxc4 18. a4 O-O 19. a5 Qc7 20. h5 Be6 21. Nd2
Rc6 22. Qf3 Kh7 23. Qg3 Rc8 24. Nf3 Qd8 25. Rfb1 R8c7 26. Bf4 g5 27. hxg6+ fxg6
28. Qh3 g5 29. Bd2 Qg8 30. Ne1 Qg6 31. Qd3 f4 32. Qb5 Qf7 33. Rc1 Rxc1 34. Rxc1
Rxc1 35. Bxc1 Bf8 36. Nd3 f3 37. gxf3 Qxf3 38. Qxb7+ Bg7 39. Ne1 Qg4+ 40. Kf1
Qxd4 41. Qb1+ Kh8 42. a6 Bh3+ 43. Ke2 Qxe5+ 44. Be3 d4 45. a7 Bg4+ 46. Nf3 d3+
47. Qxd3 Qb2+ 48. Bd2 Qe5+ 49. Qe3 Qb5+ 50. Ke1 Qb1+ 51. Bc1 Bxf3 52. Qxf3
Qxc1+ 53. Qd1 Bc3+ 54. Ke2 Qb2+ 55. Kf1 Qb5+ 56. Kg1 Qa5 57. Qd7 Qa1+ 58. Kg2
Bg7 59. Qe8+ Kh7 60. Qe4+ 1-0

[Event "Madrid ch Veteranos 2122"]
[Site "Madrid ESP"]
[Date "2022.03.29"]
[Round "2.23"]
[White "Lopez Heras, Arturo"]
[Black "Menendez Domens, Juan Manuel"]
[Result "1-0"]
[WhiteElo "1757"]
[BlackElo "1449"]
[PlyCount "71"]
[EventDate "2022.03.28"]
[EventType "swiss"]
[EventRounds "9"]
[EventCountry "ESP"]
[SourceTitle "Ajedrez en Madrid"]
[Source "lmi"]
[SourceDate "2022.03.28"]
[SourceVersion "1"]
[SourceVersionDate "2022.04.18"]
[SourceQuality "1"]

1. e4 e5 2. Nf3 Nc6 3. d4 exd4 4. Nxd4 Be7 5. Bc4 Ne5 6. Bb3 Nf6 7. Nc3 c6 8.
O-O O-O 9. f4 Ng6 10. e5 Ne8 11. Be3 d5 12. Qh5 c5 13. Nf5 Bxf5 14. Qxf5 d4 15.
Rad1 Qc8 16. e6 Nd6 17. exf7+ Nxf7 18. Be6 Nh4 19. Qg4 Qc6 20. Nd5 Qd6 21. Bf2
Ng6 22. Bg3 Kh8 23. Nxe7 Qxe7 24. f5 Nh6 25. Qh5 Rae8 26. Rde1 Rf6 27. Bc4 Qf8
28. Rxe8 Qxe8 29. Re1 Qf8 30. fxg6 Rxg6 31. Bd3 Rf6 32. Be5 g6 33. Bxf6+ Qxf6
34. Qxh6 Qf7 35. Rf1 Qe6 36. Rf8+ 1-0

[Event "Madrid ch Veteranos 2122"]
[Site "Madrid ESP"]
[Date "2022.03.29"]
[Round "2.25"]
[White "Medina Lucena, Emilio"]
[Black "Cano Mercado, Francisco Manuel"]
[Result "0-1"]
[WhiteElo "1303"]
[BlackElo "1715"]
[PlyCount "88"]
[EventDate "2022.03.28"]
[EventType "swiss"]
[EventRounds "9"]
[EventCountry "ESP"]
[SourceTitle "Ajedrez en Madrid"]
[Source "lmi"]
[SourceDate "2022.03.28"]
[SourceVersion "1"]
[SourceVersionDate "2022.04.18"]
[SourceQuality "1"]

1. d4 d5 2. Bf4 Nf6 3. e3 e6 4. Nf3 c5 5. c3 Bd6 6. Bxd6 Qxd6 7. Nbd2 Nbd7 8.
Bb5 O-O 9. Ne5 Nxe5 10. dxe5 Qxe5 11. Nf3 Qc7 12. O-O e5 13. Be2 e4 14. Ne1 Be6
15. f4 exf3 16. Bxf3 Rad8 17. Qe2 Rfe8 18. Nc2 a6 19. Qf2 Bg4 20. Qh4 Bxf3 21.
Rxf3 Re4 22. Qg3 Qxg3 23. Rxg3 Rde8 24. h3 R4e5 25. Rf1 Ne4 26. Rg4 f5 27. Rgf4
Ng3 28. R1f2 g6 29. Kh2 Ne4 30. Re2 g5 31. Rf3 Kg7 32. Ne1 g4 33. Rf4 g3+ 34.
Kg1 Nf2 35. Rfxf2 gxf2+ 36. Kxf2 f4 37. Nd3 fxe3+ 38. Ke1 d4 39. Nxe5 Rxe5 40.
cxd4 cxd4 41. Rc2 d3 42. Rc7+ Kf6 43. Rxh7 d2+ 44. Ke2 Rd5 0-1

[Event "Madrid ch Veteranos 2122"]
[Site "Madrid ESP"]
[Date "2022.03.29"]
[Round "2.27"]
[White "Alberdi Garcia, Carlos Alfonso"]
[Black "Lopez Manso, Jeronimo"]
[Result "0-1"]
[WhiteElo "1681"]
[BlackElo "1410"]
[PlyCount "90"]
[EventDate "2022.03.28"]
[EventType "swiss"]
[EventRounds "9"]
[EventCountry "ESP"]
[SourceTitle "Ajedrez en Madrid"]
[Source "lmi"]
[SourceDate "2022.03.28"]
[SourceVersion "1"]
[SourceVersionDate "2022.04.18"]
[SourceQuality "1"]

1. d4 g6 2. Nf3 Bg7 3. e3 d6 4. c4 Nf6 5. Nc3 O-O 6. b4 a5 7. b5 c5 8. Be2 b6
9. O-O Bb7 10. Bb2 Nbd7 11. Qc2 e5 12. Rad1 e4 13. Nd2 cxd4 14. exd4 Qe7 15.
Kh1 Rfe8 16. Rde1 d5 17. Nd1 Rac8 18. Ne3 dxc4 19. Ndxc4 Nd5 20. Rc1 Nb4 21.
Qb3 Nf6 22. Nxb6 Rxc1 23. Rxc1 Nd3 24. Bxd3 exd3 25. Qxd3 Nh5 26. Kg1 Qg5 27.
Qf1 Re6 28. Re1 Rxb6 29. a4 Nf4 30. f3 Ne6 31. Nc4 Nxd4 32. Nxb6 Nxf3+ 33. Kf2
Nxh2 34. Qe2 Ng4+ 35. Kg1 Qh4 36. Qe8+ Bf8 37. Kf1 Qh1+ 38. Ke2 Qxg2+ 39. Kd3
Qxb2 40. Nd7 Nf2+ 41. Ke3 Ng4+ 42. Kf4 Qf2+ 43. Kxg4 h5+ 44. Kg5 Qf5+ 45. Kh4
Qg4# 0-1

[Event "Madrid ch Veteranos 2122"]
[Site "Madrid ESP"]
[Date "2022.03.29"]
[Round "2.28"]
[White "De Luna Butz, Alberto"]
[Black "Fernandez Rodriguez, Juan Andres"]
[Result "1-0"]
[WhiteElo "1638"]
[BlackElo "1128"]
[PlyCount "101"]
[EventDate "2022.03.28"]
[EventType "swiss"]
[EventRounds "9"]
[EventCountry "ESP"]
[SourceTitle "Ajedrez en Madrid"]
[Source "lmi"]
[SourceDate "2022.03.28"]
[SourceVersion "1"]
[SourceVersionDate "2022.04.18"]
[SourceQuality "1"]

1. c4 g6 2. Nc3 Bg7 3. g3 d6 4. Bg2 Nf6 5. e4 e5 6. Nge2 O-O 7. O-O Nc6 8. d3
a6 9. Bg5 b5 10. cxb5 axb5 11. Nxb5 Ba6 12. Nbc3 Nd4 13. Nxd4 exd4 14. Nd5 c6
15. Nb4 Qb6 16. Nxa6 Rxa6 17. Qc2 h6 18. Bd2 Re8 19. f4 Qc5 20. Rfc1 Qxc2 21.
Rxc2 Ng4 22. b3 Ne3 23. Rcc1 c5 24. b4 cxb4 25. Bxb4 Rb6 26. a3 Nxg2 27. Kxg2
f5 28. exf5 Re2+ 29. Kf3 Re3+ 30. Kf2 gxf5 31. Rc8+ Kh7 32. Rd1 d5 33. Rc7 Kg6
34. Re7 Rxe7 35. Bxe7 Re6 36. Re1 Ra6 37. Kf3 Bf6 38. Bxf6 Kxf6 39. Ra1 Rb6 40.
a4 Re6 41. Kf2 Re3 42. Ra3 Ke6 43. a5 Kd7 44. a6 Re8 45. a7 Ra8 46. Kf3 Kc7 47.
g4 fxg4+ 48. Kxg4 Kb7 49. Kh5 Rxa7 50. Rxa7+ Kxa7 51. f5 1-0

[Event "Madrid ch Veteranos 2122"]
[Site "Madrid ESP"]
[Date "2022.03.30"]
[Round "3.1"]
[White "Candela Perez, Jose"]
[Black "Cabanas Bravo, Juan Andres"]
[Result "1-0"]
[WhiteElo "2341"]
[BlackElo "1903"]
[PlyCount "135"]
[EventDate "2022.03.28"]
[EventType "swiss"]
[EventRounds "9"]
[EventCountry "ESP"]
[SourceTitle "Ajedrez en Madrid"]
[Source "lmi"]
[SourceDate "2022.03.28"]
[SourceVersion "1"]
[SourceVersionDate "2022.04.18"]
[SourceQuality "1"]

1. d4 Nf6 2. c4 g6 3. f3 d5 4. cxd5 Nxd5 5. e4 Nb6 6. Nc3 Bg7 7. Be3 O-O 8. Qd2
Nc6 9. O-O-O e5 10. d5 Nd4 11. f4 Bg4 12. Re1 c5 13. fxe5 Bxe5 14. h3 Qh4 15.
Bf2 Qh5 16. Bd3 Bg7 17. Be3 Be5 18. Qf2 Bd7 19. Nce2 f5 20. exf5 Nxe2+ 21. Nxe2
gxf5 22. Bxc5 Rae8 23. Kb1 Rf7 24. Bxb6 axb6 25. Ng3 Bxg3 26. Qxg3+ Rg7 27. Qf2
Qh6 28. Bxf5 Rf8 29. g4 Qd6 30. Rhf1 Bxf5+ 31. gxf5 Qxd5 32. f6 Rgf7 33. Qxb6
Qd3+ 34. Ka1 Qxh3 35. Rf4 Qh6 36. Ref1 Rc8 37. Qe6 Qf8 38. a3 Rc6 39. Qd5 Kh8
40. Qg5 Ra6 41. R4f3 Rc6 42. Qe5 Rc5 43. Qd4 Rc6 44. Rf5 Qc8 45. Ka2 Qe6+ 46.
Kb1 Rd6 47. Qf4 Rfd7 48. Rc1 Rc6 49. Qb8+ Qg8 50. Qxg8+ Kxg8 51. Rg1+ Kf8 52.
Rg2 Rd1+ 53. Ka2 Rd7 54. a4 Rf7 55. Rgf2 h5 56. Rxh5 Rcxf6 57. Rxf6 Rxf6 58.
Re5 Kf7 59. Ka3 Re6 60. Rxe6 Kxe6 61. Kb4 Kd6 62. Kb5 Kc7 63. a5 Kb8 64. a6
bxa6+ 65. Kxa6 Ka8 66. b4 Kb8 67. b5 Ka8 68. b6 1-0

[Event "Madrid ch Veteranos 2122"]
[Site "Madrid ESP"]
[Date "2022.03.30"]
[Round "3.2"]
[White "Longa Yauca, Javier"]
[Black "Marcos Herrero, Francisco"]
[Result "1-0"]
[WhiteElo "2223"]
[BlackElo "1897"]
[PlyCount "41"]
[EventDate "2022.03.28"]
[EventType "swiss"]
[EventRounds "9"]
[EventCountry "ESP"]
[SourceTitle "Ajedrez en Madrid"]
[Source "lmi"]
[SourceDate "2022.03.28"]
[SourceVersion "1"]
[SourceVersionDate "2022.04.18"]
[SourceQuality "1"]

1. d4 Nf6 2. c4 e6 3. Nf3 b6 4. g3 Bb7 5. Bg2 c5 6. d5 exd5 7. Nh4 g6 8. Nc3
Be7 9. cxd5 d6 10. e4 Nbd7 11. O-O h5 12. f4 Ba6 13. e5 Bxf1 14. exf6 Bxf6 15.
Qxf1 Bxh4 16. gxh4 O-O 17. f5 Qxh4 18. Ne4 Rae8 19. Bg5 Rxe4 20. Bxh4 Rxh4 21.
Qe1 1-0

[Event "Madrid ch Veteranos 2122"]
[Site "Madrid ESP"]
[Date "2022.03.30"]
[Round "3.3"]
[White "Lopez Molina, Santiago Jorge"]
[Black "Martin Rodriguez, Emilio"]
[Result "0-1"]
[WhiteElo "1868"]
[BlackElo "2032"]
[PlyCount "43"]
[EventDate "2022.03.28"]
[EventType "swiss"]
[EventRounds "9"]
[EventCountry "ESP"]
[SourceTitle "Ajedrez en Madrid"]
[Source "lmi"]
[SourceDate "2022.03.28"]
[SourceVersion "1"]
[SourceVersionDate "2022.04.18"]
[SourceQuality "1"]

1. g3 d5 2. Bg2 Nf6 3. d3 g6 4. Nf3 Bg7 5. O-O O-O 6. Nc3 d4 7. Nb5 Nc6 8. a4
e5 9. e4 a6 10. Na3 b5 11. Bg5 Rb8 12. axb5 axb5 13. Nxe5 Nxe5 14. f4 Neg4 15.
e5 Ne3 16. Qd2 Nxf1 17. Rxf1 Re8 18. Bc6 Bb7 19. Bxf6 Bxf6 20. Bxe8 Qxe8 21.
exf6 Qc6 22. Re1 0-1

[Event "Madrid ch Veteranos 2122"]
[Site "Madrid ESP"]
[Date "2022.03.30"]
[Round "3.4"]
[White "Herrero Reques, Sergio"]
[Black "Vazquez Gonzalez, Jesus"]
[Result "1/2-1/2"]
[WhiteElo "2029"]
[BlackElo "1853"]
[PlyCount "69"]
[EventDate "2022.03.28"]
[EventType "swiss"]
[EventRounds "9"]
[EventCountry "ESP"]
[SourceTitle "Ajedrez en Madrid"]
[Source "lmi"]
[SourceDate "2022.03.28"]
[SourceVersion "1"]
[SourceVersionDate "2022.04.18"]
[SourceQuality "1"]

1. c4 Nf6 2. Nc3 g6 3. g3 Bg7 4. Bg2 O-O 5. Rb1 d6 6. b4 e5 7. d3 c6 8. Nf3 Nh5
9. O-O f5 10. Bb2 Be6 11. b5 d5 12. bxc6 bxc6 13. cxd5 cxd5 14. d4 e4 15. Ne5
Nd7 16. Nxd7 Qxd7 17. e3 Bh6 18. Ba3 Rf6 19. Qb3 g5 20. Qb5 Rd8 21. Qxd7 Rxd7
22. Na4 Bf8 23. Rb8 Kg7 24. Bxf8+ Rxf8 25. Rxf8 Kxf8 26. Nc5 Re7 27. Rb1 f4 28.
Rb8+ Kf7 29. Bf1 fxe3 30. fxe3 Nf6 31. Be2 Bg4 32. Kf2 h5 33. Rd8 Re8 34. Rxe8
Kxe8 35. Bb5+ 1/2-1/2

[Event "Madrid ch Veteranos 2122"]
[Site "Madrid ESP"]
[Date "2022.03.30"]
[Round "3.5"]
[White "Martin Martin, Luis Vicente"]
[Black "Barahona Torrijos, Angel"]
[Result "1-0"]
[WhiteElo "1927"]
[BlackElo "1822"]
[PlyCount "67"]
[EventDate "2022.03.28"]
[EventType "swiss"]
[EventRounds "9"]
[EventCountry "ESP"]
[SourceTitle "Ajedrez en Madrid"]
[Source "lmi"]
[SourceDate "2022.03.28"]
[SourceVersion "1"]
[SourceVersionDate "2022.04.18"]
[SourceQuality "1"]

1. d4 Nf6 2. Bf4 b5 3. e3 Bb7 4. Nf3 a6 5. Nbd2 d6 6. Be2 Nbd7 7. h3 e5 8. dxe5
dxe5 9. Nxe5 Bxg2 10. Bf3 Bxh1 11. Bxh1 Rb8 12. Nc6 Qc8 13. Nxb8 Nxb8 14. Qf3
Bd6 15. Ne4 Nxe4 16. Qxe4+ Qe6 17. Bxd6 cxd6 18. O-O-O Qxe4 19. Bxe4 Ke7 20.
Rd4 g6 21. a4 Rc8 22. axb5 axb5 23. Rb4 Rc5 24. Bd3 Nc6 25. Rxb5 Ne5 26. Rxc5
Nxd3+ 27. cxd3 dxc5 28. Kd2 g5 29. d4 cxd4 30. exd4 f5 31. Ke3 h5 32. b4 Kd6
33. b5 Kc7 34. d5 1-0

[Event "Madrid ch Veteranos 2122"]
[Site "Madrid ESP"]
[Date "2022.03.30"]
[Round "3.6"]
[White "Barez Menendez, Hector"]
[Black "Toledo Aguirre, Gonzalo"]
[Result "1-0"]
[WhiteElo "2062"]
[BlackElo "1879"]
[PlyCount "73"]
[EventDate "2022.03.28"]
[EventType "swiss"]
[EventRounds "9"]
[EventCountry "ESP"]
[SourceTitle "Ajedrez en Madrid"]
[Source "lmi"]
[SourceDate "2022.03.28"]
[SourceVersion "1"]
[SourceVersionDate "2022.04.18"]
[SourceQuality "1"]

1. Nf3 f5 2. d4 Nf6 3. g3 g6 4. Bg2 Bg7 5. O-O O-O 6. c4 d6 7. Nc3 Nc6 8. d5
Na5 9. Nd2 c5 10. Rb1 e5 11. dxe6 Bxe6 12. b4 Nxc4 13. Nxc4 Bxc4 14. bxc5 dxc5
15. Rxb7 Ba6 16. Qxd8 Rfxd8 17. Rxg7+ Kxg7 18. Bxa8 Rxa8 19. Rd1 Re8 20. Bb2
Kf7 21. e3 Ne4 22. Nxe4 fxe4 23. Ba3 Bd3 24. Bxc5 Ke6 25. f3 Kd5 26. fxe4+ Kxe4
27. Rd2 Rc8 28. Bxa7 Rc1+ 29. Kf2 g5 30. g4 Rf1+ 31. Kg2 Ra1 32. Bd4 Rc1 33. a4
Rc2 34. Rxc2 Bxc2 35. a5 Bd3 36. Kf2 Bb5 37. Bf6 1-0

[Event "Madrid ch Veteranos 2122"]
[Site "Madrid ESP"]
[Date "2022.03.30"]
[Round "3.7"]
[White "Vinas Lopez, Carlos"]
[Black "Lorenzo Bailador, Alfredo"]
[Result "0-1"]
[WhiteElo "1860"]
[BlackElo "1985"]
[PlyCount "94"]
[EventDate "2022.03.28"]
[EventType "swiss"]
[EventRounds "9"]
[EventCountry "ESP"]
[SourceTitle "Ajedrez en Madrid"]
[Source "lmi"]
[SourceDate "2022.03.28"]
[SourceVersion "1"]
[SourceVersionDate "2022.04.18"]
[SourceQuality "1"]

1. d4 d5 2. Bf4 Bf5 3. c4 e6 4. Nc3 c6 5. Qb3 Qb6 6. c5 Qxb3 7. axb3 Nd7 8. b4
f6 9. Nf3 Bg4 10. e3 e5 11. Bg3 a6 12. b5 cxb5 13. Bxb5 Rd8 14. Ba4 exd4 15.
exd4 Ne7 16. O-O Kf7 17. Bb3 Be6 18. Rfe1 Nb8 19. Bc7 Rc8 20. Bd6 Nbc6 21. Re2
Nf5 22. Rd1 Bxd6 23. cxd6 Rcd8 24. g4 Nxd6 25. Bxd5 Bxd5 26. Nxd5 Nb5 27. Nc3
Nbxd4 28. Nxd4 Rxd4 29. Rxd4 Nxd4 30. Re4 Rd8 31. Na4 Ne6 32. Rb4 b5 33. Nc3
Rd4 34. Rxd4 Nxd4 35. Nd5 a5 36. Kf1 Ke6 37. Ne3 Ke5 38. h3 Ke4 39. Ke1 Kd3 40.
Kd1 a4 41. Nd5 Ke4 42. Ne3 b4 43. Kd2 a3 44. bxa3 bxa3 45. Kc3 a2 46. Kb2 Kf3
47. Nd1 Ke2 0-1

[Event "Madrid ch Veteranos 2122"]
[Site "Madrid ESP"]
[Date "2022.03.30"]
[Round "3.8"]
[White "Luque Ibanes, Manuel"]
[Black "Garcia Galeote, Lorenzo"]
[Result "1-0"]
[WhiteElo "1966"]
[BlackElo "1862"]
[PlyCount "47"]
[EventDate "2022.03.28"]
[EventType "swiss"]
[EventRounds "9"]
[EventCountry "ESP"]
[SourceTitle "Ajedrez en Madrid"]
[Source "lmi"]
[SourceDate "2022.03.28"]
[SourceVersion "1"]
[SourceVersionDate "2022.04.18"]
[SourceQuality "1"]

1. Nf3 Nf6 2. d4 d5 3. g3 e6 4. Bg2 Be7 5. c4 O-O 6. O-O c6 7. Nc3 b6 8. Ne5
Bb7 9. b3 Nbd7 10. e4 c5 11. exd5 exd5 12. Nxd5 Nxd5 13. cxd5 Bf6 14. Nc6 Qc8
15. Be3 Re8 16. Rc1 Ba6 17. Re1 c4 18. bxc4 Bb7 19. c5 bxc5 20. dxc5 Bxc6 21.
dxc6 Ne5 22. c7 Qxc7 23. Bxa8 Rxa8 24. Bf4 1-0

[Event "Madrid ch Veteranos 2122"]
[Site "Madrid ESP"]
[Date "2022.03.30"]
[Round "3.9"]
[White "Marin Lopez, Juan Jose"]
[Black "Moreno Torrero, Javier"]
[Result "1/2-1/2"]
[WhiteElo "1707"]
[BlackElo "1952"]
[PlyCount "106"]
[EventDate "2022.03.28"]
[EventType "swiss"]
[EventRounds "9"]
[EventCountry "ESP"]
[SourceTitle "Ajedrez en Madrid"]
[Source "lmi"]
[SourceDate "2022.03.28"]
[SourceVersion "1"]
[SourceVersionDate "2022.04.18"]
[SourceQuality "1"]

1. b4 Nf6 2. Bb2 d5 3. e3 Nbd7 4. Nf3 e6 5. b5 c5 6. a4 Bd6 7. c4 O-O 8. Be2 e5
9. d3 d4 10. e4 Ne8 11. Nbd2 Nb8 12. Nf1 f5 13. exf5 Bxf5 14. Ng3 Bg6 15. Qd2
h6 16. Qc2 Nd7 17. Nd2 Nef6 18. Bf3 Rb8 19. a5 Re8 20. O-O Nf8 21. a6 b6 22.
Bc6 Re7 23. Rae1 Ne6 24. Nde4 Nxe4 25. Nxe4 Bc7 26. Bc1 Kh7 27. g3 Rf7 28. Qe2
Kh8 29. Qg4 Bf5 30. Qh5 Qe7 31. h4 Bh3 32. Bd5 Bxf1 33. Rxf1 Rbf8 34. Bxe6 Qxe6
35. Ng5 Qf5 36. Nxf7+ Rxf7 37. Qxf5 Rxf5 38. Kg2 h5 39. Re1 Kg8 40. Re4 Kf7 41.
Bg5 g6 42. f3 Ke6 43. f4 Kd7 44. fxe5 Rxe5 45. Rxe5 Bxe5 46. Kf3 Bc7 47. g4 Ke6
48. gxh5 gxh5 49. Ke4 Bg3 50. Bd8 Bb8 51. Bg5 Bg3 52. Bd8 Bb8 53. Bg5 Bg3
1/2-1/2

[Event "Madrid ch Veteranos 2122"]
[Site "Madrid ESP"]
[Date "2022.03.30"]
[Round "3.10"]
[White "Villares Galiano, Luis"]
[Black "Vazquez Gonzalez, Francisco"]
[Result "1/2-1/2"]
[WhiteElo "1936"]
[BlackElo "1851"]
[PlyCount "63"]
[EventDate "2022.03.28"]
[EventType "swiss"]
[EventRounds "9"]
[EventCountry "ESP"]
[SourceTitle "Ajedrez en Madrid"]
[Source "lmi"]
[SourceDate "2022.03.28"]
[SourceVersion "1"]
[SourceVersionDate "2022.04.18"]
[SourceQuality "1"]

1. e4 e5 2. Nf3 Nc6 3. Bb5 f5 4. d3 fxe4 5. dxe4 Nf6 6. O-O Bc5 7. Qd3 d6 8.
Qc4 Bd7 9. Nc3 Nb4 10. Nxe5 dxe5 11. Qxc5 Nxc2 12. Qxe5+ Qe7 13. Bxd7+ Nxd7 14.
Qxe7+ Kxe7 15. Bg5+ Kf7 16. Rac1 Nb4 17. Rfd1 Nc5 18. Nd5 Nbd3 19. Rxd3 Nxd3
20. Rxc7+ Kg6 21. Be3 Rhe8 22. f3 Rad8 23. Nf4+ Nxf4 24. Bxf4 Rc8 25. Rxb7 Rc2
26. h4 a5 27. a4 Re2 28. Kf1 Rc2 29. Kg1 Re2 30. Kf1 Rc2 31. Bd6 Rd2 32. Bf4
1/2-1/2

[Event "Madrid ch Veteranos 2122"]
[Site "Madrid ESP"]
[Date "2022.03.30"]
[Round "3.11"]
[White "Mendez Martinez, Miguel Angel"]
[Black "Pastor Alonso De Prado, Alberto"]
[Result "0-1"]
[WhiteElo "1763"]
[BlackElo "2106"]
[PlyCount "78"]
[EventDate "2022.03.28"]
[EventType "swiss"]
[EventRounds "9"]
[EventCountry "ESP"]
[SourceTitle "Ajedrez en Madrid"]
[Source "lmi"]
[SourceDate "2022.03.28"]
[SourceVersion "1"]
[SourceVersionDate "2022.04.18"]
[SourceQuality "1"]

1. c4 e6 2. Nc3 d5 3. d4 Nf6 4. Bg5 Be7 5. Nf3 O-O 6. e3 h6 7. Bh4 b6 8. Bxf6
Bxf6 9. cxd5 exd5 10. Qb3 Be6 11. Be2 c5 12. O-O Nc6 13. Qa4 Qd6 14. Ba6 Nb4
15. Be2 a6 16. dxc5 bxc5 17. Rac1 Qb6 18. Rfd1 Rfd8 19. a3 Nc6 20. Qc2 c4 21.
h3 Rab8 22. Na4 Qa5 23. b4 cxb3 24. Qxc6 Bd7 25. Rxd5 Bxc6 26. Rxa5 Bxa4 27.
Rxa4 b2 28. Rb1 Rbc8 29. Rc4 Rxc4 30. Bxc4 Rc8 31. Ba2 Rc1+ 32. Ne1 Bc3 33. Kf1
Bxe1 34. Ke2 Bc3 35. Kd3 Kf8 36. f3 Ke7 37. Ke4 Kd6 38. Kd3 Kc5 39. f4 Kb5 0-1

[Event "Madrid ch Veteranos 2122"]
[Site "Madrid ESP"]
[Date "2022.03.30"]
[Round "3.12"]
[White "Martin Sanchez, Pablo"]
[Black "Lopez de Turiso, Jose Angel"]
[Result "0-1"]
[WhiteElo "1766"]
[BlackElo "1935"]
[PlyCount "48"]
[EventDate "2022.03.28"]
[EventType "swiss"]
[EventRounds "9"]
[EventCountry "ESP"]
[SourceTitle "Ajedrez en Madrid"]
[Source "lmi"]
[SourceDate "2022.03.28"]
[SourceVersion "1"]
[SourceVersionDate "2022.04.18"]
[SourceQuality "1"]

1. e4 e5 2. Nf3 Nf6 3. Nc3 Nc6 4. Bb5 Nd4 5. Bd3 Nxf3+ 6. Qxf3 c6 7. b3 Be7 8.
Bb2 d6 9. h3 Be6 10. O-O-O b5 11. g4 Nd7 12. Be2 b4 13. Nb1 c5 14. d3 a5 15.
Nd2 a4 16. Nf1 axb3 17. axb3 Ra2 18. Ne3 Qa5 19. h4 O-O 20. Rdg1 Rxb2 21. Nf5
Bxf5 22. gxf5 Qa1+ 23. Kd2 Rxc2+ 24. Kxc2 Qc3+ 0-1